| 000 | 00466nam a2200193Ia 4500 | ||
|---|---|---|---|
| 008 | 170918s9999 xx 000 0 und d | ||
| 020 | _a9780590487511 | ||
| 050 | _bT365 1988 | ||
| 100 | _aThaler, Mike | ||
| 245 | _aPack 109 / | ||
| 245 | _cMike Thaler ; pictures by Normand Chartier. | ||
| 260 | _aNew York : | ||
| 260 | _bScholastic, | ||
| 260 | _c1988 | ||
| 300 | _a48 pages : | ||
| 300 | _bcolored illustration ; | ||
| 300 | _c23cm. | ||
| 500 | _a250 | ||
| 999 |
_c341149 _d341149 |
||